yield comparision of early rice varieties at the royal university of agriculture experiment station in the wet season 2003 (​សិក្សាប្រៀបធៀបទិន្នផលស្រូវស្រាល នៅស្ថានីយ៍ពិសោធន៍សាកលវិទ្យាល័យភូមិន្ទដសិកម្មនារដូវវស្សាឆ្នាំ ២០០៣) (Record no. 718)

000 -LEADER
fixed length control field 00771nam a22001577a 4500
003 - CONTROL NUMBER IDENTIFIER
control field OSt
005 - DATE AND TIME OF LATEST TRANSACTION
control field 20150918111038.0
008 - FIXED-LENGTH DATA ELEMENTS--GENERAL INFORMATION
fixed length control field 150918b xxu||||| |||| 00| 0 eng d
040 ## - CATALOGING SOURCE
Transcribing agency RUA
082 ## - DEWEY DECIMAL CLASSIFICATION NUMBER
Classification number AGR PAN 2004 B030 Or.1
100 ## - MAIN ENTRY--PERSONAL NAME
9 (RLIN) 749
Personal name PANN, VISAL.
245 ## - TITLE STATEMENT
Title yield comparision of early rice varieties at the royal university of agriculture experiment station in the wet season 2003 (​សិក្សាប្រៀបធៀបទិន្នផលស្រូវស្រាល នៅស្ថានីយ៍ពិសោធន៍សាកលវិទ្យាល័យភូមិន្ទដសិកម្មនារដូវវស្សាឆ្នាំ ២០០៣)
260 ## - PUBLICATION, DISTRIBUTION, ETC. (IMPRINT)
Place of publication, distribution, etc. Phnom Penh
Name of publisher, distributor, etc. RUA
Date of publication, distribution, etc. 2004
300 ## - PHYSICAL DESCRIPTION
Extent 49p.
Other physical details ill.
Dimensions 29cm.
942 ## - ADDED ENTRY ELEMENTS (KOHA)
Source of classification or shelving scheme
Koha item type AGR
Holdings
Price effective from Date last seen Permanent Location Not for loan Date acquired Source of classification or shelving scheme Koha item type Barcode Lost status Damaged status Shelving location Withdrawn status Current Location Full call number
2015-09-182015-09-18Library Block B 2015-09-18 AGRRUA001240  B030 Library Block BAGR PAN 2004 B030 Or.1
2015-09-182015-09-18Library Block B 2015-09-18 AGRRUA001532  B030 Library Block BAGR PAN 2004 B030 Or.2
មជ្ឈមណ្ឌលឯការនៃសាកលវិទ្យាល័យភូមិន្ទកសិកម្មចំការដូង

Powered by Koha